000
00281nam a2200133Ia 4500
100
_a
Danilevsky/V
942
_c
BK
654
_a
Manufacturing
245
_a
Manufacturing Engineering
260
_b
Mir Publishers
_c
1973
082
_a
621.9
300
_a
550
546
_a
ENGLISH
999
_c
26996
_d
26996